00395nam a2200109Ia 4500008004100000100002200041245008800063245004000151260000900191650001300200856007200213170221s9999 xx 000 0 und d aLindawati, A.S.L. aBarriers to Women’s Participation in the Accounting Profession in Java, Indonesia cA.S.L. Lindawati and Ciorstan Smark c2015 xBusiness uhttp://ro.uow.edu.au/cgi/viewcontent.cgi?article=1548&context=aabfj